| 000 | 01111nam a22002417a 4500 | ||
|---|---|---|---|
| 005 | 20220328090856.0 | ||
| 008 | 220328b ||||| |||| 00| 0 eng d | ||
| 020 | _a8187966971 | ||
| 040 | _cAloy | ||
| 041 | _aeng | ||
| 082 |
_223 _a623.73 _bSINT |
||
| 100 |
_aAtul kumar Singh _926185 |
||
| 245 | _aTransformation of Air defence in Asia | ||
| 260 |
_aNew Delhi _bK W Publishers Pvt Ltd _c2008 |
||
| 300 |
_axxv,305 p. _bHB _c23X15 cm. |
||
| 365 |
_2Airforce _b720.00 _c₹ _d720.00 |
||
| 520 | _aIt is the first book of its kind which provides an insight of the nitty-gritty of air defence operations and also highlights the role of air defence in defining national security. A must read for the students as well practitioners of air defence to understand the challenges in the face of technological onslaught and transformation of air defence as offensive force in the overall context of aerospace operations. | ||
| 650 |
_aAir Defence _926181 |
||
| 650 |
_aAirborne Warning and Control System _926182 |
||
| 650 |
_aMilitary Science _926183 |
||
| 700 |
_aSINGH (Atul Kumar) _926184 |
||
| 942 |
_2ddc _cGF |
||
| 999 |
_c222046 _d222046 |
||